000
00322nam a22001337a 4500
008
250703b |||||||| |||| 00| 0 eng d
020
_a
0521257980
050
_a
HD6460
_b
.J36
100
_a
NIL
245
_a
Trade Union Movement in Africa
260
_a
United States
_b
C. Hurst
_c
1979
300
_a
xiii, 248p.
942
_c
BK
999
_c
4081
_d
4081